Akruálny princíp a jeho úloha pri prezentácii finančnej výkonnosti podniku dizertačná práca

Gespeichert in:
Bibliographische Detailangaben
1. Verfasser: Kucková, Alena
Körperschaft: Fakulta hospodárskej informatiky EU. Katedra účtovníctva a audítorstva
Weitere Verfasser: Tumpach, Miloš, 1970-
Format: Buch
Sprache:Slowakisch
Veröffentlicht: Bratislava 2011
Schlagworte:
Tags: Tag hinzufügen
Keine Tags, Fügen Sie das erste Tag hinzu!

MARC

LEADER 00000nam a2200000 4500
001 0141382
005 20240502072533.9
041 0 |a slo 
044 |a SK 
245 1 0 |a Akruálny princíp a jeho úloha pri prezentácii finančnej výkonnosti podniku  |b dizertačná práca  |c Alena Kucková ; školiteľ: Miloš Tumpach 
264 1 |a Bratislava  |c 2011 
300 |a 125 s. 
610 2 0 |a účtovníctvo akruálne 
610 2 0 |a výsledok hospodársky 
610 2 0 |a výkony podnikové 
610 2 0 |a výkonnosť 
100 1 |a Kucková, Alena 
700 1 |a Tumpach, Miloš, 1970- 
710 2 |a Fakulta hospodárskej informatiky EU. Katedra účtovníctva a audítorstva